[Event "XXXII Festival A"]
[Site "Arco ITA"]
[Date "2010.10.23"]
[Round "8"]
[White "Weinberg, Emanuele"]
[Black "Vaselli, Luciano"]
[Result "1-0"]
[WhiteElo "1815"]
[BlackElo "1732"]
[PlyCount "89"]
[EventDate "2010.10.16"]

1. d4 Nf6 2. c4 e6 3. Nf3 d5 4. g3 c6 5. Bg2 Be7 6. O-O Nbd7 7. b3 O-O 8. Bb2
Ne4 9. Nc3 Nxc3 10. Bxc3 f5 11. Nd2 Bg5 12. Nf3 Be7 13. Ne1 Nf6 14. f3 Bd7 15.
Qc2 Be8 16. e4 fxe4 17. fxe4 Bg6 18. Qe2 Bxe4 19. Bh3 Qd7 20. Nf3 Bd6 21. Ne5
Qe7 22. Rf2 Nd7 23. Nxd7 Qxd7 24. Rxf8+ Rxf8 25. c5 Be7 26. Rf1 Bf6 27. Rf4 Re8
28. Bg2 Bxg2 29. Qxg2 Qe7 30. Rf1 g6 31. Re1 Kf7 32. Kh1 b6 33. b4 bxc5 34.
bxc5 Qb7 35. Qf2 Kg7 36. Qf4 Qd7 37. Rb1 Rf8 38. Qe3 Re8 39. a4 Qc8 40. Qe2 Re7
41. a5 Qe8 42. a6 e5 43. dxe5 Bxe5 44. Rb7 Bf6 45. Qe6 1-0

[Event "XXXII Festival A"]
[Site "Arco ITA"]
[Date "2010.10.23"]
[Round "8"]
[White "Wild, Helmut"]
[Black "Naegele, Raimund"]
[Result "1/2-1/2"]
[WhiteElo "1955"]
[BlackElo "1817"]
[PlyCount "97"]
[EventDate "2010.10.16"]

1. c4 Nf6 2. Nc3 e5 3. Nf3 Nc6 4. g3 g6 5. Bg2 Bg7 6. Rb1 O-O 7. b4 d6 8. O-O
Rb8 9. d3 Bd7 10. b5 Ne7 11. a4 Re8 12. Ba3 Nf5 13. Ng5 Nd4 14. e3 Ne6 15. Nge4
Nxe4 16. Bxe4 Nc5 17. Bg2 Bf5 18. e4 Bd7 19. Qc2 Ne6 20. Ne2 g5 21. Bb2 Qf6 22.
f4 gxf4 23. Nxf4 Nxf4 24. Rxf4 Qg6 25. Rf2 Rf8 26. Rbf1 Be6 27. Bc1 Kh8 28. Be3
b6 29. a5 Rg8 30. Qd2 Rbc8 31. Bg5 Rcf8 32. Be7 Re8 33. Bf6 Ref8 34. Qe3 Ra8
35. Bxg7+ Qxg7 36. Rf6 Qg5 37. Qxg5 Rxg5 38. Ra1 Rgg8 39. Rf2 a6 40. axb6 axb5
41. Rfa2 Rxa2 42. Rxa2 cxb6 43. Ra6 bxc4 44. dxc4 Bxc4 45. Rxb6 Rd8 46. Rc6 Be6
47. Rc2 Kg7 48. h3 Kf8 49. g4 1/2-1/2

[Event "XXXII Festival A"]
[Site "Arco ITA"]
[Date "2010.10.23"]
[Round "8"]
[White "Wild, Katharina"]
[Black "Mombelli, Antonio"]
[Result "1-0"]
[WhiteElo "1906"]
[BlackElo "1828"]
[PlyCount "67"]
[EventDate "2010.10.16"]

1. c4 e6 2. e4 d5 3. exd5 exd5 4. d4 Nf6 5. Nc3 Be7 6. Nf3 O-O 7. Bd3 dxc4 8.
Bxc4 Bg4 9. Be3 Nbd7 10. O-O Nb6 11. Bb3 Nbd5 12. h3 Be6 13. Ng5 Bf5 14. Qf3
Nxc3 15. bxc3 Bd3 16. Rfd1 Ba6 17. c4 h6 18. Ne4 Nxe4 19. Qxe4 Bg5 20. Re1 Bxe3
21. Rxe3 Re8 22. Qf4 Rxe3 23. fxe3 Qe7 24. Rf1 g5 25. Qf3 Kg7 26. e4 f6 27. Qf5
Qd6 28. Rd1 Re8 29. c5 Qe7 30. e5 fxe5 31. dxe5 Bb5 32. e6 Rf8 33. Qe5+ Kg8 34.
Rd7 1-0

[Event "XXXII Festival A"]
[Site "Arco ITA"]
[Date "2010.10.23"]
[Round "8"]
[White "Zangrando, Gianpietro"]
[Black "Morselli, Stefano"]
[Result "0-1"]
[WhiteElo "1822"]
[BlackElo "1924"]
[PlyCount "108"]
[EventDate "2010.10.16"]

1. Nf3 d6 2. c4 e5 3. Nc3 f5 4. d3 Nf6 5. g3 b6 6. Qa4+ Qd7 7. Qxd7+ Bxd7 8.
Bg2 Nc6 9. Ng5 Rc8 10. O-O Nd4 11. Bd5 Nxd5 12. cxd5 h6 13. Nf3 Nxf3+ 14. exf3
Be7 15. f4 exf4 16. Bxf4 g5 17. Bd2 Bf6 18. Rad1 Kf7 19. f4 Bd4+ 20. Kg2 g4 21.
Rfe1 Rhe8 22. b3 c6 23. Ne2 Bf6 24. Bb4 cxd5 25. Kf1 Rc2 26. Rc1 Rec8 27. Rxc2
Rxc2 28. Rc1 Rxa2 29. Bxd6 Bb5 30. Rd1 Ke6 31. Bf8 h5 32. Ke1 a5 33. Rd2 Ra1+
34. Kf2 Rb1 35. Ke3 Rxb3 36. Nd4+ Bxd4+ 37. Kxd4 a4 38. Bg7 a3 39. Ke3 Kd6 40.
Bd4 Ba6 41. Ke2 Rb4 42. Ke3 b5 43. Ra2 Rb3 44. Be5+ Kd7 45. Kd4 b4 46. Kxd5
Bxd3 47. Kc5 Bb1 48. Rd2+ Ke8 49. Kc4 Re3 50. Rd1 a2 51. Bf6 Rc3+ 52. Kxb4 a1=Q
53. Bxc3 Qa2 54. Rd2 Qa6 0-1

[Event "XXXII Festival A"]
[Site "Arco ITA"]
[Date "2010.10.23"]
[Round "8"]
[White "Zucchelli, Massimo"]
[Black "Moncelli, Giorgio"]
[Result "1-0"]
[WhiteElo "2160"]
[BlackElo "2089"]
[PlyCount "43"]
[EventDate "2010.10.16"]

1. d4 Nf6 2. c4 e6 3. Nc3 c5 4. d5 exd5 5. cxd5 d6 6. Nf3 g6 7. Qa4+ Bd7 8. Qb3
Qc7 9. e4 Bg7 10. h3 O-O 11. Be2 Re8 12. Nd2 Bc8 13. O-O Nbd7 14. Re1 a6 15. a4
b6 16. Qc2 g5 17. Nc4 h6 18. f4 Nh7 19. Bf3 Bd4+ 20. Kh1 f6 21. e5 fxe5 22.
Qg6+ 1-0

[Event "XXXII Festival A"]
[Site "Arco ITA"]
[Date "2010.10.24"]
[Round "9"]
[White "Baeta, Marcio Netto"]
[Black "De Santis, Alessio"]
[Result "0-1"]
[WhiteElo "2221"]
[BlackElo "2300"]
[PlyCount "54"]
[EventDate "2010.10.16"]

1. g3 e5 2. Nf3 Nc6 3. d4 exd4 4. Nxd4 Qf6 5. c3 Nxd4 6. cxd4 Bb4+ 7. Nc3 Qc6
8. d5 Bxc3+ 9. bxc3 Qxc3+ 10. Bd2 Qd4 11. Bg2 Ne7 12. e4 b6 13. O-O Ba6 14. Re1
O-O 15. Rc1 c5 16. d6 Qxd6 17. e5 Qc7 18. Bxa8 Rxa8 19. Bg5 Nc6 20. Qd6 Qxd6
21. exd6 Nd4 22. Re7 Nf3+ 23. Kg2 Nxg5 24. Rxd7 Bb5 25. Re7 Kf8 26. f4 Bc6+ 27.
Kf2 Ne4+ 0-1

[Event "XXXII Festival A"]
[Site "Arco ITA"]
[Date "2010.10.24"]
[Round "9"]
[White "Basso, Pier Luigi"]
[Black "Kaczur, Florian"]
[Result "0-1"]
[WhiteElo "1779"]
[BlackElo "2035"]
[PlyCount "70"]
[EventDate "2010.10.16"]

1. e4 g6 2. d4 Bg7 3. Nf3 d6 4. h3 Nf6 5. Nc3 O-O 6. Bd3 c6 7. O-O d5 8. e5
Nfd7 9. Ng5 e6 10. f4 b6 11. h4 h6 12. h5 hxg5 13. hxg6 g4 14. Qxg4 f5 15. Qh5
Re8 16. Qh7+ Kf8 17. g4 Ba6 18. gxf5 Bxd3 19. cxd3 exf5 20. Qh5 Nf6 21. exf6
Qxf6 22. Kh1 Na6 23. Qg5 Nb4 24. b3 Qxg5 25. fxg5 Bxd4 26. Bb2 Nxd3 27. Rad1
Nf2+ 28. Rxf2 Bxf2 29. Rf1 Bd4 30. Rf4 Be5 31. Rxf5+ Kg7 32. Rf3 Kxg6 33. Bc1
Rf8 34. Rxf8 Rxf8 35. Ne2 Rf2 0-1

[Event "XXXII Festival A"]
[Site "Arco ITA"]
[Date "2010.10.24"]
[Round "9"]
[White "Buck, Klaus-Michael"]
[Black "De Polzer, Manfredi"]
[Result "1-0"]
[WhiteElo "1818"]
[BlackElo "1809"]
[PlyCount "81"]
[EventDate "2010.10.16"]

1. Nf3 d5 2. e3 Nf6 3. c4 e6 4. Nc3 c5 5. cxd5 exd5 6. Bb5+ Bd7 7. Qa4 Nc6 8.
Bxc6 Bxc6 9. Qd1 Bd6 10. d4 O-O 11. O-O Re8 12. dxc5 Bxc5 13. Nd4 Bd7 14. h3
Qc8 15. Qf3 Ne4 16. Nxd5 Bxd4 17. exd4 Bc6 18. Qb3 Qd7 19. Nb4 Qxd4 20. Be3 Qf6
21. Nxc6 bxc6 22. Qc2 Rab8 23. b3 a5 24. Rad1 Qg6 25. Bf4 Rbc8 26. Rfe1 f5 27.
Qc4+ Kh8 28. Rd7 h6 29. Ra7 Ra8 30. Rxa8 Rxa8 31. Rc1 c5 32. f3 Ng3 33. Bxg3
Qxg3 34. Qxc5 Qf4 35. Rc4 Qg5 36. Ra4 f4 37. Qxg5 hxg5 38. b4 Kg8 39. Rxa5 Rb8
40. a3 Kf8 41. Rxg5 1-0

[Event "XXXII Festival A"]
[Site "Arco ITA"]
[Date "2010.10.24"]
[Round "9"]
[White "Calavalle, Giulio"]
[Black "Rotoni, Matteo"]
[Result "0-1"]
[WhiteElo "2238"]
[BlackElo "2132"]
[PlyCount "95"]
[EventDate "2010.10.16"]

1. e4 e6 2. Nf3 d5 3. e5 c5 4. b4 cxb4 5. d4 Nc6 6. a3 Bd7 7. axb4 Bxb4+ 8. c3
Bf8 9. Bd3 h6 10. Nbd2 a6 11. Nb3 Rc8 12. Nfd2 Na7 13. Nb1 Bb5 14. Bc2 b6 15.
Bd2 a5 16. Nc1 Bd7 17. Nd3 Nb5 18. Nf4 Qc7 19. Bd3 Qa7 20. Qg4 Ne7 21. Nh5 g6
22. Nf6+ Kd8 23. Qe2 Nc7 24. Nxd7 Kxd7 25. Na3 Nc6 26. Nc2 b5 27. O-O Qb7 28.
Rfb1 Rb8 29. Qf3 Ke8 30. Ne3 b4 31. Qf4 Qb6 32. Bc2 Be7 33. Ba4 Nb5 34. cxb4
axb4 35. Nc2 Bg5 36. Qf3 Bxd2 37. Qd3 Bc3 38. Ra2 Kf8 39. h4 Kg7 40. Bxb5 Qxb5
41. Qf3 Qb7 42. Qf6+ Kh7 43. Ra6 Rhf8 44. Rxc6 Qxc6 45. Ne3 Bxd4 46. Ng4 Qc2
47. Qf4 Qxb1+ 48. Kh2 0-1

[Event "XXXII Festival A"]
[Site "Arco ITA"]
[Date "2010.10.24"]
[Round "9"]
[White "Caldara, Sisto"]
[Black "Wild, Katharina"]
[Result "0-1"]
[WhiteElo "1813"]
[BlackElo "1906"]
[PlyCount "82"]
[EventDate "2010.10.16"]

1. d3 d5 2. f4 Bf5 3. Nf3 e6 4. g3 h6 5. Bg2 Nf6 6. c3 Bc5 7. b4 Bb6 8. h3 Nbd7
9. Nbd2 a5 10. b5 c6 11. Qa4 Nc5 12. Qd1 Qc7 13. bxc6 bxc6 14. Ba3 Ncd7 15. c4
Qa7 16. cxd5 Nxd5 17. Nc4 Bf2+ 18. Kf1 Bxg3 19. d4 Bxf4 20. Kf2 Nc3 21. Qe1
Ne4+ 22. Kg1 c5 23. e3 Bg3 24. Qd1 O-O 25. Nfd2 Nxd2 26. Nxd2 cxd4 27. Qf3 dxe3
28. Qxg3 exd2+ 29. Kh2 Rac8 30. Bxf8 Nxf8 31. Rad1 Qd4 32. Bf3 Bc2 33. Qg1 Qf4+
34. Qg3 Qxg3+ 35. Kxg3 Bxd1 36. Rxd1 Rc2 37. Kf2 Rxa2 38. Ke2 Ng6 39. Rxd2 Nf4+
40. Ke3 Rxd2 41. Kxd2 Nxh3 0-1

[Event "XXXII Festival A"]
[Site "Arco ITA"]
[Date "2010.10.24"]
[Round "9"]
[White "Cavatorta, Fosco"]
[Black "Ricci, Alfredo"]
[Result "0-1"]
[WhiteElo "1936"]
[BlackElo "1969"]
[PlyCount "120"]
[EventDate "2010.10.16"]

1. d4 Nf6 2. Nf3 g6 3. Nc3 d5 4. Bf4 c6 5. h3 Bg7 6. e3 Bf5 7. Ne5 O-O 8. Be2
Ne4 9. Nxe4 Bxe4 10. f3 Bf5 11. g4 Bc8 12. Qd2 Nd7 13. O-O-O f6 14. Nxd7 Bxd7
15. e4 Be6 16. Kb1 Bf7 17. h4 dxe4 18. fxe4 Qd7 19. Bf3 e5 20. Bh6 exd4 21.
Bxg7 Qe6 22. b3 Kxg7 23. g5 Rad8 24. h5 fxg5 25. Qxg5 h6 26. Qg1 g5 27. Rxd4
Rxd4 28. Qxd4+ Qf6 29. Qxf6+ Kxf6 30. Bg4 Ke7 31. Bf5 c5 32. Kc1 Rd8 33. c3 b6
34. Kc2 Kf6 35. Rf1 Ke5 36. Rh1 a5 37. a3 Kf4 38. Rf1+ Ke3 39. Bg6 Rd2+ 40. Kc1
Bxb3 41. e5 Re2 42. Bf5 Rh2 43. e6 Rxh5 44. e7 Ba4 45. Bg6 Rh2 46. e8=Q+ Bxe8
47. Bxe8 g4 48. Bc6 h5 49. Rf5 Kd3 50. Be8 Kxc3 51. Kb1 Kb3 52. Bf7+ Kxa3 53.
Bxh5 Rg2 54. Re5 g3 55. Re3+ Kb4 56. Bf3 Rf2 57. Bc6 g2 58. Re4+ c4 59. Rg4
Rf1+ 60. Kb2 g1=Q 0-1

[Event "XXXII Festival A"]
[Site "Arco ITA"]
[Date "2010.10.24"]
[Round "9"]
[White "Ciola, Alberto"]
[Black "Borries, Barbara"]
[Result "1-0"]
[WhiteElo "1929"]
[BlackElo "1904"]
[PlyCount "123"]
[EventDate "2010.10.16"]

1. d4 d5 2. c4 c6 3. Nc3 Nf6 4. cxd5 cxd5 5. Nf3 e6 6. e3 Nc6 7. a3 a6 8. Bd3
Be7 9. b4 b5 10. O-O Bb7 11. Bb2 O-O 12. Rc1 Ne8 13. Qc2 f5 14. Ne5 Nxe5 15.
dxe5 Rc8 16. Qd2 g6 17. Ne2 Ng7 18. Rxc8 Qxc8 19. Rc1 Qd7 20. Rc2 Bd8 21. Bd4
Bc7 22. Qc1 Rf7 23. f4 h6 24. Bc5 g5 25. Nd4 g4 26. Nb3 Qd8 27. Bd4 Bb6 28. Nc5
Bxc5 29. Rxc5 h5 30. Qc2 h4 31. a4 bxa4 32. Qxa4 Rc7 33. Bxa6 g3 34. h3 Rxc5
35. Bxc5 Qa8 36. Bb5 Qxa4 37. Bxa4 Kf7 38. Bd7 Nh5 39. b5 d4 40. Bxd4 Ke7 41.
Bc6 Bxc6 42. bxc6 Ng7 43. Bc5+ Kd8 44. Bd6 Ne8 45. Kf1 Nc7 46. Ke2 Nd5 47. Kf3
Nc3 48. c7+ Kd7 49. Be7 Ne4 50. Bxh4 Kxc7 51. Bxg3 Nd2+ 52. Ke2 Ne4 53. Be1 Kd7
54. g4 Ke7 55. gxf5 exf5 56. Kd3 Nc5+ 57. Kc4 Ne6 58. Kd5 Kd7 59. Ba5 Ng7 60.
h4 Ne6 61. h5 Ke7 62. h6 1-0

[Event "XXXII Festival A"]
[Site "Arco ITA"]
[Date "2010.10.24"]
[Round "9"]
[White "Damia, Angelo"]
[Black "Aagaard, Jacob"]
[Result "1/2-1/2"]
[WhiteElo "2287"]
[BlackElo "2534"]
[PlyCount "116"]
[EventDate "2010.10.16"]

1. d4 d5 2. Nf3 Nf6 3. c4 e6 4. Nc3 c6 5. Bg5 h6 6. Bxf6 Qxf6 7. Qb3 a5 8. e4
dxe4 9. Nxe4 Qf4 10. Bd3 Bb4+ 11. Ke2 f5 12. Ng3 Be7 13. Rhe1 a4 14. Qc3 O-O
15. Kf1 Qc7 16. c5 b6 17. b4 axb3 18. cxb6 Qxb6 19. Qxb3 Qxb3 20. axb3 Rxa1 21.
Rxa1 c5 22. Bc4 cxd4 23. Nxd4 Bf6 24. Ra8 Bxd4 25. Rxb8 Kh7 26. Ra8 Bc5 27. Ba6
Bd7 28. Rxf8 Bxf8 29. Ke2 g5 30. Nf1 e5 31. f3 Kg6 32. Ne3 g4 33. fxg4 f4 34.
Nf5 Kg5 35. h3 h5 36. g3 hxg4 37. hxg4 Kxg4 38. gxf4 exf4 39. Ne3+ Kg5 40. Kd3
Bc5 41. Nd5 f3 42. Ke4 f2 43. b4 Ba7 44. Bf1 Bc6 45. b5 Bb7 46. Ke5 Kg4 47. b6
Bb8+ 48. Nc7 Kg3 49. Kd4 Kh2 50. Ke3 Kg1 51. Bc4 Bg2 52. Na6 Bd6 53. Nc7 Bf1
54. Be6 Bxc7 55. bxc7 Ba6 56. Bc4 Bxc4 57. c8=Q f1=Q 58. Qg4+ Qg2 1/2-1/2

[Event "XXXII Festival A"]
[Site "Arco ITA"]
[Date "2010.10.24"]
[Round "9"]
[White "De Simone Sorrentino, Fabio"]
[Black "Grinza, Andrea"]
[Result "0-1"]
[WhiteElo "1711"]
[BlackElo "2239"]
[PlyCount "82"]
[EventDate "2010.10.16"]

1. e4 c6 2. d4 d5 3. exd5 cxd5 4. Nf3 Nf6 5. Bd3 Bg4 6. O-O e6 7. c3 Bd6 8. Re1
O-O 9. Be2 Bxf3 10. Bxf3 Qc7 11. g3 Nbd7 12. Nd2 b5 13. a3 Rab8 14. Nf1 a5 15.
Bd2 Rfc8 16. Ne3 Nb6 17. Qe2 h6 18. Bg2 Nc4 19. Nxc4 Qxc4 20. Qd1 Qc7 21. Qf3
Ne4 22. Bc1 Qd8 23. Qg4 Nf6 24. Qh3 b4 25. axb4 axb4 26. Bd2 bxc3 27. Bxc3 Bb4
28. Rac1 Bxc3 29. bxc3 Rc6 30. Re3 Rbc8 31. Rf3 Ne4 32. Qh5 Qe7 33. Re1 Nf6 34.
Qh4 Rxc3 35. Rxc3 Rxc3 36. Qf4 Qc7 37. Qd2 Rc2 38. Qd1 Qc3 39. Bf1 Rd2 40. Qb1
Qxd4 41. Re3 Ne4 0-1

[Event "XXXII Festival A"]
[Site "Arco ITA"]
[Date "2010.10.24"]
[Round "9"]
[White "Dieli, Riccardo"]
[Black "Bortolotti, Silvano"]
[Result "1-0"]
[WhiteElo "1906"]
[BlackElo "1778"]
[PlyCount "77"]
[EventDate "2010.10.16"]

1. Nf3 Nc6 2. c4 e5 3. d3 Bc5 4. g3 Nf6 5. Bg2 O-O 6. O-O d6 7. a3 a5 8. Nc3
Bd7 9. Bg5 Ne7 10. Bxf6 gxf6 11. Ne4 Ng6 12. Nxc5 dxc5 13. Nd2 c6 14. Rb1 Qe7
15. Qc2 f5 16. Qc3 f6 17. b4 cxb4 18. axb4 a4 19. Ra1 Ra7 20. Nb3 b6 21. Nd2
Rc8 22. Qb2 Nf8 23. Ra3 Kh8 24. Bh3 b5 25. c5 Ne6 26. e3 Ng5 27. Bg2 f4 28.
exf4 exf4 29. Ne4 Nxe4 30. dxe4 Rg8 31. Rd1 fxg3 32. hxg3 Qe5 33. Qxe5 fxe5 34.
Rd6 Rg6 35. Rxg6 hxg6 36. f4 Be6 37. Kf2 Kg7 38. Ke3 Kf6 39. Bf3 $139 1-0

[Event "XXXII Festival A"]
[Site "Arco ITA"]
[Date "2010.10.24"]
[Round "9"]
[White "Diotallevi, Maurizio"]
[Black "Hilbenz, Guntram"]
[Result "1/2-1/2"]
[WhiteElo "2060"]
[BlackElo "1912"]
[PlyCount "81"]
[EventDate "2010.10.16"]

1. d4 d6 2. Nf3 Nf6 3. Bg5 Nbd7 4. e3 h6 5. Bh4 g5 6. Bg3 Bg7 7. Bd3 Nh5 8. Nc3
Ndf6 9. Qe2 c6 10. Ne4 Nxe4 11. Bxe4 Nxg3 12. hxg3 Bf5 13. Bd3 Bxd3 14. Qxd3
Qa5+ 15. c3 e6 16. Nd2 f5 17. g4 O-O 18. gxf5 Qxf5 19. Qxf5 Rxf5 20. g4 Rf7 21.
a4 Raf8 22. Rh2 d5 23. Ke2 e5 24. Nb3 e4 25. a5 a6 26. Nd2 Kh7 27. c4 Rc8 28.
b3 Bf8 29. c5 Bg7 30. f3 exf3+ 31. Nxf3 Kg6 32. Rf1 Rcf8 33. Nd2 Rxf1 34. Nxf1
Re8 35. Kf3 Rf8+ 36. Kg2 Re8 37. Rh3 Re4 38. Kf3 Re8 39. Ng3 Bf8 40. Nf5 Re6
41. Ng3 1/2-1/2

[Event "XXXII Festival A"]
[Site "Arco ITA"]
[Date "2010.10.24"]
[Round "9"]
[White "Dittmar, Peter"]
[Black "Vezzosi, Paolo"]
[Result "1/2-1/2"]
[WhiteElo "2328"]
[BlackElo "2347"]
[PlyCount "93"]
[EventDate "2010.10.16"]

1. c4 Nf6 2. g3 g6 3. Bg2 Bg7 4. Nc3 d6 5. Nf3 O-O 6. O-O Nc6 7. d3 e5 8. Rb1
h6 9. b4 Be6 10. b5 Ne7 11. Nd2 Qc8 12. Re1 Bh3 13. Bh1 Nd7 14. Nd5 Nxd5 15.
cxd5 a6 16. a4 axb5 17. axb5 Nc5 18. Nc4 b6 19. Be3 Qb7 20. Qd2 Kh7 21. Bxc5
bxc5 22. b6 Bc8 23. Rb3 Ra6 24. Reb1 cxb6 25. Nxd6 Qa7 26. Nc4 Ra2 27. R3b2
Rxb2 28. Qxb2 e4 29. Qxb6 Qa2 30. Bxe4 Qxe2 31. Qxc5 f5 32. Bg2 Qxd3 33. Rf1 f4
34. gxf4 Rxf4 35. Qxc8 Rxc4 36. Qe6 Rf4 37. Re1 Qd4 38. Qe3 h5 39. Qxd4 Bxd4
40. Re2 Rf6 41. Be4 Kh6 42. Kg2 Kg5 43. f3 Kf4 44. Bd3 Be3 45. Rc2 Ke5 46. Rc6
g5 47. Rxf6 1/2-1/2

[Event "XXXII Festival A"]
[Site "Arco ITA"]
[Date "2010.10.24"]
[Round "9"]
[White "Garvani, Vittorio"]
[Black "Buglisi, Massimo"]
[Result "0-1"]
[WhiteElo "1940"]
[BlackElo "1875"]
[PlyCount "130"]
[EventDate "2010.10.16"]

1. d4 Nf6 2. c4 g6 3. Nc3 Bg7 4. e4 d6 5. f4 O-O 6. Nf3 c5 7. d5 e6 8. Be2 exd5
9. cxd5 Re8 10. e5 dxe5 11. fxe5 Ng4 12. Bg5 Qb6 13. O-O Nxe5 14. Nxe5 Rxe5 15.
Qd2 Bf5 16. Bc4 Nd7 17. d6 Be6 18. Nd5 Rxd5 19. Bxd5 Bd4+ 20. Be3 Bxd5 21. Bxd4
cxd4 22. Qf4 d3+ 23. Kh1 Qxb2 24. Qg5 f5 25. Rae1 Be4 26. Rxe4 fxe4 27. Qd5+
Kh8 28. Qxe4 d2 29. h4 Rc8 30. Qe7 Qg7 31. Qe3 Qb2 32. Rd1 Rf8 33. Qxa7 Qc1 34.
Qd4+ Rf6 35. Qxd2 Qxd2 36. Rxd2 Kg7 37. a4 Rf1+ 38. Kh2 Ra1 39. Re2 Nc5 40. Rd2
Ne6 41. Re2 Nd8 42. Re8 Nc6 43. Rc8 Rxa4 44. Rc7+ Kf6 45. Rxb7 Rxh4+ 46. Kg3
Rd4 47. Rxh7 Rxd6 48. Rh8 Kg5 49. Rc8 Rd3+ 50. Kf2 Ne5 51. Ra8 Kh4 52. Rh8+ Kg4
53. Re8 Kf4 54. Rf8+ Ke4 55. Re8 Rd2+ 56. Kg3 Rd3+ 57. Kf2 g5 58. Ke2 Ra3 59.
Kf2 Kf4 60. g3+ Ke4 61. Kg2 Kf5 62. Rb8 Ra2+ 63. Kf1 Kg4 64. Rg8 Kf3 65. Ke1 g4
0-1

[Event "XXXII Festival A"]
[Site "Arco ITA"]
[Date "2010.10.24"]
[Round "9"]
[White "Giaracuni, Claudio"]
[Black "Eperjesi, Laszlo"]
[Result "0-1"]
[WhiteElo "1784"]
[BlackElo "2194"]
[PlyCount "56"]
[EventDate "2010.10.16"]

1. d4 Nf6 2. Nf3 e6 3. Bf4 b6 4. e3 Bb7 5. Be2 Be7 6. h3 O-O 7. Nbd2 d6 8. O-O
Nbd7 9. c3 Re8 10. Rc1 Bf8 11. Re1 e5 12. dxe5 dxe5 13. Bg5 h6 14. Bxf6 Qxf6
15. a4 a6 16. b4 Rad8 17. a5 bxa5 18. bxa5 e4 19. Nd4 c5 20. N4b3 Ne5 21. Qc2
Nd3 22. Bxd3 exd3 23. Qd1 Bd6 24. Nf3 g5 25. Kh1 h5 26. Qxd3 Bxf3 27. gxf3
Qxf3+ 28. Kg1 Bh2+ 0-1

[Event "XXXII Festival A"]
[Site "Arco ITA"]
[Date "2010.10.24"]
[Round "9"]
[White "Giuriato, Sergio"]
[Black "Pegoraro, Nicola"]
[Result "1/2-1/2"]
[WhiteElo "1935"]
[BlackElo "1975"]
[PlyCount "20"]
[EventDate "2010.10.16"]

1. d4 f5 2. g3 Nf6 3. Bg2 g6 4. Nf3 Bg7 5. c4 d6 6. Nc3 O-O 7. O-O Qe8 8. d5
Na6 9. Nd4 Bd7 10. b3 c6 1/2-1/2

[Event "XXXII Festival A"]
[Site "Arco ITA"]
[Date "2010.10.24"]
[Round "9"]
[White "Herman, Matthew J."]
[Black "De Andres Gonalons, Fernando"]
[Result "1-0"]
[WhiteElo "2149"]
[BlackElo "2041"]
[PlyCount "53"]
[EventDate "2010.10.16"]

1. e4 e6 2. d4 d5 3. Nd2 dxe4 4. Nxe4 Nd7 5. Nf3 Be7 6. Bd3 Ngf6 7. Nxf6+ Bxf6
8. c3 O-O 9. Qc2 h6 10. Be3 e5 11. O-O-O exd4 12. Nxd4 Bxd4 13. Bxd4 Qg5+ 14.
Kb1 c5 15. h4 Qf4 16. Be3 Qc7 17. Qd2 Ne5 18. Bc2 Bg4 19. f3 Rfd8 20. Qe2 Bh5
21. Bf4 f6 22. Qe4 Bf7 23. Rde1 Kf8 24. Qh7 Bg8 25. Qf5 Re8 26. Re3 Be6 27.
Rxe5 1-0

[Event "XXXII Festival A"]
[Site "Arco ITA"]
[Date "2010.10.24"]
[Round "9"]
[White "Kern, Beat"]
[Black "Marini, Lucio"]
[Result "1/2-1/2"]
[WhiteElo "1668"]
[BlackElo "1883"]
[PlyCount "86"]
[EventDate "2010.10.16"]

1. g3 c5 2. c4 Nc6 3. Bg2 d6 4. Nc3 g6 5. Nf3 Bg7 6. O-O e6 7. d3 Nge7 8. Rb1
O-O 9. a3 d5 10. cxd5 exd5 11. e4 d4 12. Ne2 a5 13. Qc2 b6 14. Bg5 f6 15. Qb3+
Kh8 16. Bd2 Ra7 17. Nf4 Ne5 18. Nxe5 fxe5 19. Ne6 Bxe6 20. Qxe6 Nc8 21. f4 Re7
22. Qb3 Bh6 23. Rf2 Qd6 24. Rbf1 Qe6 25. Qxe6 Rxe6 26. Bh3 Ref6 27. Rf3 Nd6 28.
Kg2 Nf7 29. b3 Nd6 30. Bg4 Bg7 31. fxe5 Rxf3 32. Rxf3 Rxf3 33. Kxf3 Bxe5 34.
Be6 Kg7 35. h3 Nb5 36. a4 Nd6 37. Bc4 h6 38. g4 g5 39. Bc1 Nxc4 40. bxc4 Kg6
41. Bd2 Kf6 42. Bc1 Ke6 43. Bd2 Kf7 1/2-1/2

[Event "XXXII Festival A"]
[Site "Arco ITA"]
[Date "2010.10.24"]
[Round "9"]
[White "Klings, Peter"]
[Black "Di Lazzaro, Gabriele"]
[Result "1-0"]
[WhiteElo "2185"]
[BlackElo "1901"]
[PlyCount "62"]
[EventDate "2010.10.16"]

1. e4 c5 2. a3 g6 3. c3 d6 4. d4 Nf6 5. Bb5+ Bd7 6. Bxd7+ Nbxd7 7. Qe2 Qc7 8.
d5 Bg7 9. Nf3 O-O 10. O-O Rfe8 11. Bf4 Nh5 12. Be3 e6 13. dxe6 Rxe6 14. Nbd2
Nhf6 15. Qd3 h6 16. Bf4 Nh5 17. Bg3 Nxg3 18. hxg3 Ne5 19. Nxe5 dxe5 20. Rfd1
Rd8 21. Qe2 Red6 22. Nc4 Rxd1+ 23. Rxd1 Rxd1+ 24. Qxd1 f6 25. Qd5+ Kh7 26. Nd6
b6 27. Qe6 Qc6 28. Qe7 Qa4 29. Kh2 Qb3 30. Ne8 Qd1 31. f3 Qb3 1-0

[Event "XXXII Festival A"]
[Site "Arco ITA"]
[Date "2010.10.24"]
[Round "9"]
[White "Korenevski, Oleg"]
[Black "Karl, Hans"]
[Result "1/2-1/2"]
[WhiteElo "1930"]
[BlackElo "2211"]
[PlyCount "61"]
[EventDate "2010.10.16"]

1. d4 Nf6 2. Nf3 g6 3. c4 Bg7 4. Nc3 O-O 5. g3 d6 6. Bg2 Nbd7 7. O-O c6 8. b3
Qc7 9. Bb2 e5 10. dxe5 dxe5 11. Qc2 Re8 12. e3 Nc5 13. e4 Bg4 14. h3 Bxf3 15.
Bxf3 Ne6 16. Ne2 c5 17. Nc3 Nd4 18. Qd1 Rad8 19. Nd5 Qd7 20. Bg2 Nxd5 21. Bxd4
exd4 22. exd5 Re5 23. Qd2 Rde8 24. Rae1 Qe7 25. Rxe5 Qxe5 26. Bf3 h5 27. h4 Kh7
28. Qa5 Qf6 29. Kg2 Qb6 30. Qxb6 axb6 31. Rd1 1/2-1/2

[Event "XXXII Festival A"]
[Site "Arco ITA"]
[Date "2010.10.24"]
[Round "9"]
[White "Leutwyler, Martin"]
[Black "Kierzek, Matthias"]
[Result "1-0"]
[WhiteElo "2169"]
[BlackElo "2145"]
[PlyCount "81"]
[EventDate "2010.10.16"]

1. d4 d5 2. Nf3 Nf6 3. c4 e6 4. g3 dxc4 5. Bg2 Bb4+ 6. Bd2 c5 7. O-O Nc6 8.
dxc5 Bxc5 9. Qa4 Bd7 10. Qxc4 Qb6 11. Nc3 Na5 12. Qh4 Be7 13. Ne5 Bc6 14. Nxc6
Nxc6 15. Qa4 O-O 16. Qb5 Qxb5 17. Nxb5 Rac8 18. Rac1 Rfd8 19. Rfd1 a6 20. Nc3
Na5 21. Nd5 Nxd5 22. Bxa5 b6 23. Bd2 Rxc1 24. Bxc1 Bf6 25. a3 Kf8 26. e4 Nc7
27. Rxd8+ Bxd8 28. Be3 b5 29. Kf1 Bf6 30. Bb6 Na8 31. Ba5 Bd4 32. e5 Nb6 33.
Bb7 Nc4 34. Bb4+ Kg8 35. Bxa6 Bxb2 36. Bxb5 Nxa3 37. Bd3 f6 38. f4 h6 39. Ke2
Kf7 40. Kd2 f5 41. Bc3 1-0

[Event "XXXII Festival A"]
[Site "Arco ITA"]
[Date "2010.10.24"]
[Round "9"]
[White "Lezzerini, Marco"]
[Black "Zangrando, Gianpietro"]
[Result "0-1"]
[WhiteElo "1674"]
[BlackElo "1822"]
[PlyCount "96"]
[EventDate "2010.10.16"]

1. d4 e6 2. c4 f5 3. g3 Nf6 4. Bg2 d5 5. cxd5 exd5 6. Nh3 Bb4+ 7. Bd2 Bd6 8.
O-O O-O 9. Bf4 c6 10. Bxd6 Qxd6 11. Nf4 Re8 12. Nd3 Nbd7 13. Nd2 a5 14. Rc1 Ne4
15. Nf3 Ra6 16. Nfe5 Nxe5 17. dxe5 Qh6 18. f4 Qg6 19. Bxe4 fxe4 20. Nc5 Rb6 21.
b3 h5 22. Kf2 Qh6 23. Qd2 h4 24. Rh1 Rxe5 25. Qxa5 Rb5 26. Qd8+ Kh7 27. fxe5
e3+ 28. Kg1 Bh3 29. Qxh4 Qxh4 30. gxh4 Rb4 31. Rc4 dxc4 32. Ne4 Bf5 33. Ng5+
Kg8 34. Kg2 cxb3 35. axb3 Rxh4 36. Kf3 Rb4 37. Ra1 Kf8 38. Kxe3 Ke7 39. Ra3 Bc2
40. Kd2 Bf5 41. Kc3 Rg4 42. Nf3 Re4 43. Ra7 Bc8 44. Kd3 Rb4 45. Kc3 Rb5 46. Nd4
Rc5+ 47. Kb4 Rc1 48. Ra8 c5+ 0-1

[Event "XXXII Festival A"]
[Site "Arco ITA"]
[Date "2010.10.24"]
[Round "9"]
[White "Maddaloni, Giovanni"]
[Black "Cottarelli, Franco"]
[Result "1/2-1/2"]
[WhiteElo "1801"]
[BlackElo "1889"]
[PlyCount "26"]
[EventDate "2010.10.16"]

1. e4 e5 2. Nf3 Nc6 3. Bb5 Bc5 4. Bxc6 dxc6 5. d3 Bg4 6. h3 Bh5 7. Nbd2 Nf6 8.
O-O Qe7 9. Re1 O-O 10. g4 Bg6 11. Nh4 Rad8 12. Nxg6 fxg6 13. Re2 Qf7 1/2-1/2